|
|
|
|
| LEADER |
00964nam a22002417a 4500 |
| 001 |
AAL4584 |
| 003 |
BD-DhAAL |
| 005 |
20160303113543.0 |
| 008 |
160303m20021978bg ||||| |||| 001 0 ben d |
| 020 |
|
|
|a 9844101204
|
| 040 |
|
|
|a BD-DhAAL
|c BD-DhAAL
|
| 082 |
|
|
|2 22
|a 321/.07
|
| 100 |
|
|
|a করিম, সরদার ফজলুল
|9 18321
|
| 245 |
|
|
|a প্লেটোর রিপাবলিক /
|c সরদার ফজলুল করিম
|
| 260 |
|
|
|a ঢাকা :
|b মাওলা ব্রাদার্স,
|c ২০০২
|
| 300 |
|
|
|a ৫১৭ পৃ. ;
|c ২২ সে.মি.
|
| 500 |
|
|
|a Includes index
|
| 541 |
|
|
|e 4584
|
| 600 |
|
|
|a Plato.
|x Republic
|x Study guides.
|9 18322
|
| 852 |
|
|
|a Savar Campus Library
|c General Shelf
|
| 942 |
|
|
|2 ddc
|c BK
|
| 999 |
|
|
|c 37025
|d 37025
|
| 952 |
|
|
|0 0
|1 0
|2 ddc
|4 0
|6 321_000000000000000__07_KAR
|7 0
|9 58266
|a SCL
|b SCL
|c GEN
|d 2016-03-03
|g 270.00
|l 3
|m 10
|o 321.07 KAR
|p 3020004584
|r 2025-08-21
|s 2025-07-05
|t 1
|w 2016-03-03
|y BK
|